000 01630cam a2200133 4500500
005 20260405085434.0
041 _afre
042 _adc
100 1 0 _aJacob, Christian
_eauthor
245 0 0 _aGéographie et ethnographie en Grèce ancienne
260 _bArmand Colin,
_c2017.
520 _aL’histoire de la géographie et de l’ethnographie grecques occupe une place de choix dans le champ des études anciennes. Retracer l’histoire des premières cartes géographiques, d’Anaximandre à Claude Ptolémée, c’est suivre les métamorphoses d’un objet étonnant, qui, dès l’origine, revendique le pouvoir de représenter le monde habité dans sa totalité. Dérouler les étapes de la découverte de la terre et de ses peuples, à travers les œuvres d’Hérodote, de Thucydide et de Strabon, les périples d’Hannon ou d’Agatharchide, c’est voir se déployer tous les pans d’une civilisation, les liens de l’imaginaire et du savoir, une source de réflexions, d’informations qui nourrissent historiens, auteurs comiques, moralistes et philosophes. À travers ces textes se révèle la manière dont les Grecs se sont représenté le monde et les autres peuples, ont réfléchi sur l’identité et la valeur de leur propre humanité. Car dans la confrontation avec les Barbares, nous découvrons, en négatif, tous les traits qui fondent l’image normative de l’homme civilisé, pour les Grecs, c’est-à-dire les traits qui constituent leur propre culture.
856 4 1 _uhttps://shs.cairn.info/geographie-et-ethnographie-en-grece-ancienne--9782200621391?lang=fr&redirect-ssocas=7080
999 _c2197595
_d2197595